• 首页
  • 本馆介绍
  • 公告通知
  • 最新文献
  • 馆藏检索
  • 电子资源
  • 读者导购
  • 参考咨询
  • 我的图书馆
  • 登录
  • 详细信息显示
  • 放入我的书架
  • 预约/预借图书
  • 作者相关作品
  • 分类相关作品
  • 丛书相关作品
  • 出版社相关作品

书目信息

  • 表格格式
  • 工作单格式
  • 卡片格式
题名:
知识经济读本
    
 
作者: 李钧 主编
分册:  
出版信息: 乌鲁木齐   新疆青少年出版社  2005
页数: 323页
开本: 20cm
丛书名:
单 册:
中图分类: F062.3
科图分类:
主题词: 知识经济--教材 , 知识经济
电子资源:
ISBN: 7-5371-3575-4
000 00837nam0 2200265 45
001 012005200301
005 20070707102420.51
010    @a7-5371-3575-4@dCNY26.30
092    @aCN@b102855
100    @a20051018d2005 em y0chiy0120 ea
101 0  @achi
102    @aCN@b650000
105    @ay z 000yy
200 1  @a知识经济读本@Azhi shi jing ji du ben@f李钧主编@Fli jun zhu bian
205    @b修订版
210    @a乌鲁木齐@c新疆青少年出版社@d2005
215    @a323页@d20cm
320    @a有书目
330    @a本书共分十一章。介绍了知识经济的内涵,以及信息、创新、教育、法制、高新技术产业、工业、农业、第三产业、企业经营管理、可持续发展等与知识经济的关系。
606 0  @a知识经济@j教材
606 0  @a知识经济
690    @aF062.3@v4
701  0 @a李钧@Ali jun@4主编
801  0 @aCN@bLZJBOOK@c20070707
905    @a10447@dF062.3@e72=2
    
    知识经济读本/李钧主编.-修订版.-乌鲁木齐:新疆青少年出版社,2005
    323页;20cm
    
    
    ISBN 7-5371-3575-4:CNY26.30
    本书共分十一章。介绍了知识经济的内涵,以及信息、创新、教育、法制、高新技术产业、工业、农业、第三产业、企业经营管理、可持续发展等与知识经济的关系。
●
相关链接 在E读中查询图书 在五车中查询图书 在当当中查询图书 在豆瓣中查询图书


正题名:知识经济读本     索取号:F062.3/72=2         预约/预借

序号 登录号 条形码 馆藏地/架位号 状态 备注
1 0556709   205567091   第一样本阅览室/ [索取号:F062.3/72=2] 在馆    
2 0556710   205567108   第一借阅区/ [索取号:F062.3/72=2] 在馆    
3 0556711   205567117   第一借阅区/ [索取号:F062.3/72=2] 在馆    
4 0556712   205567126   第一借阅区/ [索取号:F062.3/72=2] 在馆    
5 0556713   205567135   第一借阅区/ [索取号:F062.3/72=2] 在馆    
6 0556714   205567144   第一借阅区/ [索取号:F062.3/72=2] 在馆    
7 0556715   205567153   第一借阅区/ [索取号:F062.3/72=2] 在馆    
8 0556716   205567162   第一借阅区/ [索取号:F062.3/72=2] 在馆    
唐山师范学院图书馆 欢迎您!
大连网信软件有限公司© 版权所有